Educación, valores y desarrollo moral: formación valoral y ciudadana /
Wedi'i Gadw mewn:
| Awduron Eraill: | |
|---|---|
| Fformat: | Llyfr |
| Iaith: | Spanish |
| Cyhoeddwyd: |
México, D.F. :
Ediciones Gernika,
2006
|
| Cyfres: | Ciencias Sociales,
35-36 |
| Pynciau: | |
| Tagiau: |
Ychwanegu Tag
Dim Tagiau, Byddwch y cyntaf i dagio'r cofnod hwn!
|
MARC
| LEADER | 00000cam a2200000 a 4500 | ||
|---|---|---|---|
| 001 | 14847949 | ||
| 005 | 20190219193247.0 | ||
| 008 | 070508s2006 mx b 000 0 spa d | ||
| 999 | |c 3653 |d 3653 | ||
| 010 | |a 2007472200 | ||
| 020 | |a 9706371060 (t. 2) | ||
| 035 | |a (OCoLC)ocn123536711 | ||
| 035 | |a (OCoLC)123536711 | ||
| 040 | |a ZCU |c ZCU |d DLC | ||
| 042 | |a lccopycat | ||
| 043 | |a n-mx--- | ||
| 050 | 0 | 0 | |a LC191.8.M6 |b E37 2006 |
| 090 | |a 06.01.01 |b 2512 | ||
| 245 | 0 | 0 | |a Educación, valores y desarrollo moral: formación valoral y ciudadana / |c Ana Hirsch Adler, coordinador/a |
| 260 | |a México, D.F. : |b Ediciones Gernika, |c 2006 | ||
| 300 | |a volúmenes | ||
| 490 | |a Ciencias Sociales, |v 35-36 | ||
| 500 | |a t. 2. Formación valoral y ciudadana / dictaminado y prologado por Pedro Ortega Ruiz | ||
| 650 | 1 | 4 | |a EDUCACIÓN |9 1 |
| 650 | 1 | 4 | |a EDUCACIÓN EN VALORES |9 719 |
| 650 | 1 | 4 | |a EDUCACIÓN CÍVICA |9 1363 |
| 650 | 1 | 4 | |a VALORES MORALES |9 693 |
| 650 | 1 | 4 | |a VALORES SOCIALES |9 594 |
| 700 | |a Hirsch Adler, Ana |9 4481 | ||
| 942 | |i 004556 |h 06.01.01 2512 |2 z |c 01 | ||



